Orange Foods by Picture - Statistics

General Stats
  • This quiz has been taken 198 times
  • The average score is 9 of 12
Answer Stats
Picture Answer % Correct
Carrot
99%
Orange
99%
Pumpkin
95%
Peach
92%
Mango
81%
Papaya
76%
Grapefruit
73%
Apricot
69%
Tangerine
66%
Cantaloupe
64%
Squash
64%
Persimmon
46%
No matching quizzes found
Score Distribution
Percent of People with Each Score
Percentile by Number Answered
Your Score History
You have not taken this quiz